Tramwaje Śląskie - Linia 3 Mikulczyce - Makoszowy - Statystyki

Ogólne statystyki
  • Ten quiz został rozwiązany 15 razy
  • Średni wynik to 16 z 21
Statystyki odpowiedzi
Przystanek % Poprawnych
21 Makoszowy Pętla
100%
1 Mikulczyce Pętla
100%
10 Zabrze Plac Wolności
100%
19 Makoszowy Koksownia
80%
20 Makoszowy Kopalnia
80%
2 Mikulczyce Plac Kroczka
80%
3 Mikulczyce Tarnopolska
80%
11 Zabrze Brysza
80%
8 Zabrze Gdańska
80%
7 Zabrze Mostostal
80%
9 Zabrze Plac Teatralny
80%
6 Zabrze Przystankowa
80%
16 Guido Kopalnia Zabytkowa
60%
18 Guido Osiedle
60%
17 Guido Park Pileckiego
60%
4 Mikulczyce Aleja Szczęście Ludwika
60%
13 Zabrze 3 Maja Szpital
60%
15 Zabrze Jagiełły Targowisko
60%
12 Zabrze Lutra
60%
5 Zabrze Pole Ludwik
60%
14 Zabrze Roosevelta
60%
Nie znaleziono quizów pasujących do podanych kryteriów
Rozkład punktacji
Procent ludzi z każdym wynikiem
Percentyl według liczby udzielonych odpowiedzi
Twoja historia wyników
Nie rozwiązałeś tego quizu